[Event "FRA T I 120102011"]
[Site "FRA"]
[Date "2010.11.13"]
[Round "2.7"]
[White "Fougerit, Valentin"]
[Black "Coste, Thierry"]
[Result "1-0"]
[WhiteElo "2208"]
[BlackElo "2193"]
[PlyCount "113"]
[EventDate "2010.10.17"]
[EventType "team-match"]
[EventRounds "9"]
[EventCountry "FRA"]
[Source "FFE"]
[SourceDate "2010.10.29"]
[WhiteTeamCountry "FRA"]
[BlackTeamCountry "FRA"]

1. e4 c5 2. Nf3 g6 3. d4 cxd4 4. Qxd4 Nf6 5. Nc3 Nc6 6. Qa4 d6 7. e5 dxe5 8.
Nxe5 Qd4 9. Nxc6 Qxa4 10. Nxa4 bxc6 11. Bd3 e5 12. O-O Bd6 13. Bg5 Nd5 14. Rad1
h6 15. Bc1 Ke7 16. Rfe1 f5 17. b3 Be6 18. Bb2 e4 19. Bxh8 exd3 20. Be5 dxc2 21.
Bxd6+ Kxd6 22. Rd2 f4 23. Rxc2 Bf5 24. Rc5 Rc8 25. Ra5 Rc7 26. Nc5 Nc3 27. b4
Rf7 28. Nb3 Be6 29. Rc5 Bxb3 30. axb3 Nd5 31. Rd1 g5 32. Kf1 Re7 33. Rc4 Rb7
34. Re4 Rb5 35. Rdd4 a5 36. bxa5 Rxa5 37. Re8 Ra2 38. Rh8 Ke5 39. Rc4 Rb2 40.
Rxh6 f3 41. Rhxc6 fxg2+ 42. Kxg2 Nf4+ 43. Kg3 Rxb3+ 44. Kg4 Ne6 45. Re4+ Kxe4
46. Rxe6+ Kd5 47. Re2 Kd6 48. Kxg5 Rh3 49. f4 Kd7 50. f5 Rh8 51. Kg6 Rg8+ 52.
Kf7 Rg5 53. Rd2+ Kc8 54. f6 Rg1 55. h4 Rh1 56. Rg2 Rxh4 57. Kg8 1-0

[Event "FRA T I 120102011"]
[Site "FRA"]
[Date "2010.11.13"]
[Round "2.5"]
[White "Barbot, Pierre"]
[Black "Wittmann, Marc"]
[Result "1-0"]
[WhiteElo "2177"]
[BlackElo "2259"]
[PlyCount "105"]
[EventDate "2010.10.17"]
[EventType "team-match"]
[EventRounds "9"]
[EventCountry "FRA"]
[Source "FFE"]
[SourceDate "2010.10.29"]
[WhiteTeamCountry "FRA"]
[BlackTeamCountry "FRA"]

1. e4 e5 2. d4 exd4 3. Nf3 Nc6 4. Nxd4 Bc5 5. Be3 Qf6 6. c3 Nge7 7. Qd2 O-O 8.
Nb5 Bxe3 9. Qxe3 Qe5 10. Nd2 d5 11. O-O-O dxe4 12. Qxe4 Qc5 13. Nxc7 Rb8 14.
Qf4 Qa5 15. a3 Ng6 16. Qg3 Nge5 17. Nb5 Be6 18. f4 Nd7 19. Nf3 Nc5 20. Nbd4
Rfd8 21. Bd3 Ba2 22. Bc2 Nxd4 23. Nxd4 Rbc8 24. Nf5 g6 25. Ne7+ Kg7 26. Nxc8
Rxc8 27. Qe3 b5 28. f5 Qb6 29. Qd4+ f6 30. fxg6 hxg6 31. Qg4 f5 32. Qd4+ Kh6
33. Qh4+ Kg7 34. Qe7+ Kh6 35. Rd4 Nb3+ 36. Bxb3 Qxd4 37. Bxa2 Rxc3+ 38. bxc3
Qxc3+ 39. Kb1 Qd3+ 40. Kb2 Qd2+ 41. Kb3 Qd5+ 42. Kb4 Qxa2 43. Qh4+ Kg7 44. Qd4+
Kh6 45. Rd1 a5+ 46. Kxb5 Qb3+ 47. Ka6 Qe6+ 48. Kxa5 Qc8 49. Rd3 Qa8+ 50. Kb4
Qb7+ 51. Kc3 Qc6+ 52. Qc4 Qf6+ 53. Kc2 1-0

[Event "FRA T I 120102011"]
[Site "FRA"]
[Date "2010.11.13"]
[Round "2.8"]
[White "Bonvalot, Isabelle"]
[Black "Le Bail, Clara"]
[Result "0-1"]
[WhiteElo "1909"]
[BlackElo "2044"]
[PlyCount "105"]
[EventDate "2010.10.17"]
[EventType "team-match"]
[EventRounds "9"]
[EventCountry "FRA"]
[Source "FFE"]
[SourceDate "2010.10.29"]
[WhiteTeamCountry "FRA"]
[BlackTeamCountry "FRA"]

1. e4 e6 2. d4 d5 3. exd5 exd5 4. Bd3 Nc6 5. c3 Bd6 6. Ne2 Nge7 7. Bf4 Ng6 8.
Bxd6 Qxd6 9. Na3 a6 10. Qd2 Nce7 11. Qg5 Be6 12. Nc2 O-O-O 13. O-O h6 14. Qh5
Nf4 15. Nxf4 Qxf4 16. Ne3 g6 17. Qe2 Qd6 18. b4 f5 19. Rfe1 Bd7 20. a4 Rde8 21.
a5 f4 22. Ng4 Nf5 23. Ne5 Nh4 24. f3 Bf5 25. b5 Bxd3 26. Qxd3 Rhf8 27. bxa6
Qxa6 28. Qc2 Nf5 29. Qb3 Ne3 30. Qa4 Re7 31. Ng4 h5 32. Ne5 Rfe8 33. Rac1 Nc4
34. Qb4 Nxe5 35. dxe5 Rxe5 36. Rxe5 Rxe5 37. Qf8+ Kd7 38. Qxf4 Qe6 39. Rf1 Re2
40. Qd4 Qe3+ 41. Qxe3 Rxe3 42. Rc1 Re2 43. Ra1 Re6 44. Kf2 Ra6 45. g4 b6 46.
gxh5 gxh5 47. Ke3 Ke6 48. Rg1 Rxa5 49. Rg5 d4+ 50. Kf4 Rxg5 51. Kxg5 dxc3 52.
Kg6 c2 53. f4 0-1

[Event "FRA T I 120102011"]
[Site "FRA"]
[Date "2010.11.13"]
[Round "2.2"]
[White "Lagarde, Maxime"]
[Black "Bedouin, Xavier"]
[Result "1-0"]
[WhiteElo "2419"]
[BlackElo "2404"]
[PlyCount "101"]
[EventDate "2010.10.17"]
[EventType "team-match"]
[EventRounds "9"]
[EventCountry "FRA"]
[Source "FFE"]
[SourceDate "2010.10.29"]
[WhiteTeamCountry "FRA"]
[BlackTeamCountry "FRA"]

1. c4 e6 2. Nc3 d5 3. e3 Nf6 4. Nf3 Be7 5. b3 O-O 6. Bb2 c5 7. cxd5 exd5 8. d4
Nc6 9. Be2 Bg4 10. dxc5 Bxc5 11. O-O a6 12. Rc1 Ba7 13. Nd4 Bxd4 14. Bxg4 Be5
15. Bf3 Rc8 16. Ba3 Re8 17. Nxd5 Qa5 18. Rxc6 bxc6 19. Ne7+ Kh8 20. Nxc8 Rxc8
21. Qc1 Rd8 22. Qc5 Qxc5 23. Bxc5 Rd2 24. Bxc6 Rxa2 25. Rc1 g5 26. h3 h5 27. g3
g4 28. hxg4 Nxg4 29. e4 Rb2 30. b4 Kh7 31. Bd5 Kg6 32. f4 Nh2 33. Be3 Bd4 34.
Rc6+ Kh7 35. Bxd4 Nf3+ 36. Kf1 Nxd4 37. Rxa6 Ne2 38. Ra3 h4 39. gxh4 Nxf4 40.
Rb3 Rd2 41. b5 Nxd5 42. exd5 Rxd5 43. b6 Rd8 44. b7 Rb8 45. Rb6 f6 46. Kf2 Kg6
47. Kf3 Kf5 48. Rb5+ Kg6 49. Kf4 f5 50. Rb6+ Kh5 51. Kxf5 1-0

[Event "FRA T I 120102011"]
[Site "FRA"]
[Date "2010.11.13"]
[Round "2.6"]
[White "Fournet, Arnaud"]
[Black "Martinez, Jean Philippe"]
[Result "1-0"]
[WhiteElo "2171"]
[BlackElo "2104"]
[PlyCount "99"]
[EventDate "2010.10.17"]
[EventType "team-match"]
[EventRounds "9"]
[EventCountry "FRA"]
[Source "FFE"]
[SourceDate "2010.10.29"]
[WhiteTeamCountry "FRA"]
[BlackTeamCountry "FRA"]

1. e4 d6 2. d4 Nf6 3. Nc3 g6 4. Nf3 Bg7 5. Be2 O-O 6. O-O e6 7. Re1 a6 8. a4 b6
9. Bf4 Bb7 10. Bf1 h6 11. Qd2 Kh7 12. h3 Nc6 13. Rad1 Ne7 14. g4 g5 15. Bg3 Ng6
16. Bd3 Kg8 17. Qe3 Qd7 18. e5 Nd5 19. Nxd5 Bxd5 20. Nxg5 hxg5 21. Qxg5 Qc6 22.
f4 dxe5 23. dxe5 Qc5+ 24. Kh2 Bf3 25. Rd2 Rfd8 26. f5 Qb4 27. fxg6 fxg6 28. c3
Qxa4 29. Qxg6 Rxd3 30. Qxd3 Bd5 31. Rf2 Rf8 32. Rxf8+ Bxf8 33. Qg6+ Bg7 34. h4
Qa2 35. Qc2 Qc4 36. g5 Qg4 37. Qe2 Bf3 38. Qf2 Bd5 39. Qf4 Qh5 40. Rf1 Kh7 41.
Re1 a5 42. c4 Bb7 43. Bf2 Bc6 44. Bd4 Bb7 45. Bc3 Bc6 46. Kg3 Bb7 47. Qg4 Qe8
48. h5 Qc6 49. Kh4 a4 50. h6 1-0

[Event "FRA T I 120102011"]
[Site "FRA"]
[Date "2010.11.13"]
[Round "2.8"]
[White "Mamah, Isabelle"]
[Black "Auvray, Juliette"]
[Result "1-0"]
[WhiteElo "1838"]
[BlackElo "2010"]
[PlyCount "97"]
[EventDate "2010.10.17"]
[EventType "team-match"]
[EventRounds "9"]
[EventCountry "FRA"]
[Source "FFE"]
[SourceDate "2010.10.29"]
[WhiteTeamCountry "FRA"]
[BlackTeamCountry "FRA"]

1. e4 c5 2. c3 Nf6 3. e5 Nd5 4. d4 cxd4 5. cxd4 e6 6. Nf3 b6 7. Bd3 Ba6 8. O-O
Bxd3 9. Qxd3 Nc6 10. a3 Qc7 11. Bd2 d6 12. Nc3 Nxc3 13. Bxc3 dxe5 14. dxe5 Rd8
15. Qe4 Rd5 16. Rad1 Ne7 17. Bb4 Rxd1 18. Rxd1 Nd5 19. Bxf8 Kxf8 20. h4 g6 21.
Nd4 Qd7 22. h5 Kg7 23. Nc2 Rc8 24. Ne3 g5 25. h6+ Kh8 26. Qf3 f5 27. exf6 Qf7
28. Ng4 Rf8 29. Rd2 Kg8 30. Qe2 Nxf6 31. Ne5 Qh5 32. Qc4 Re8 33. Qc7 Qxh6 34.
Qf7+ Kh8 35. Qxe8+ Nxe8 36. Nf7+ Kg7 37. Nxh6 Kxh6 38. Rd8 Nc7 39. Rd7 Nd5 40.
Rxa7 Kg6 41. g4 h5 42. gxh5+ Kxh5 43. Rd7 Kg4 44. Rd6 Kf5 45. Kh2 Ke5 46. Rc6
Kf5 47. Kg3 e5 48. Rd6 Ke4 49. Kg4 1-0

[Event "FRA T I 120102011"]
[Site "FRA"]
[Date "2010.11.13"]
[Round "2.2"]
[White "Plachetka, Jan"]
[Black "Tripoteau, Nicolas"]
[Result "1-0"]
[WhiteElo "2350"]
[BlackElo "2421"]
[PlyCount "97"]
[EventDate "2010.10.17"]
[EventType "team-match"]
[EventRounds "9"]
[EventCountry "FRA"]
[Source "FFE"]
[SourceDate "2010.10.29"]
[WhiteTeam "Issy-Les-Moulineaux"]
[BlackTeam "Sautron"]
[WhiteTeamCountry "FRA"]
[BlackTeamCountry "FRA"]

1. d4 Nf6 2. c4 c5 3. d5 b5 4. cxb5 a6 5. bxa6 g6 6. Nc3 Bxa6 7. e4 Bxf1 8.
Kxf1 d6 9. Nge2 Bg7 10. h3 O-O 11. Kg1 Nbd7 12. Kh2 Qa5 13. Qc2 Rfb8 14. Rb1
Ne8 15. Rd1 Nc7 16. Bg5 Kf8 17. Qd2 Ne5 18. b3 Nb5 19. Bh6 Bxh6 20. Qxh6+ Kg8
21. Qd2 Na3 22. Rbc1 Rb4 23. f4 Nd7 24. Qe3 f6 25. Qf3 Qd8 26. Qg4 Kh8 27. h4
Qe8 28. Rd2 Nf8 29. Rf1 Qd7 30. Qg3 Qe8 31. Rf3 Qf7 32. e5 Qg7 33. e6 f5 34.
Qf2 h5 35. Qe3 Nh7 36. Nd1 Nb1 37. Rc2 Nf6 38. Qd3 Na3 39. Rc1 Nb5 40. Ndc3 Nd4
41. Rff1 Ne4 42. Nxd4 Rxd4 43. Qe3 Qf6 44. Nxe4 Qxh4+ 45. Qh3 Qxh3+ 46. Kxh3
Rxe4 47. Rc4 Re3+ 48. Rf3 Rxf3+ 49. gxf3 {suite illisible} 1-0

[Event "FRA T I 120102011"]
[Site "FRA"]
[Date "2010.11.13"]
[Round "2.1"]
[White "Navrotescu, Catalin"]
[Black "Grizou, Regis"]
[Result "1/2-1/2"]
[WhiteElo "2439"]
[BlackElo "2203"]
[PlyCount "83"]
[EventDate "2010.10.17"]
[EventType "team-match"]
[EventRounds "9"]
[EventCountry "FRA"]
[Source "FFE"]
[SourceDate "2010.10.29"]
[WhiteTeamCountry "FRA"]
[BlackTeamCountry "FRA"]

1. c4 e6 2. d4 d5 3. Nc3 Bb4 4. a3 Bxc3+ 5. bxc3 c5 6. cxd5 exd5 7. e3 Ne7 8.
Bd3 c4 9. Bc2 Bf5 10. Ne2 O-O 11. f3 Bxc2 12. Qxc2 f5 13. O-O Nbc6 14. Nf4 Qd7
15. e4 fxe4 16. fxe4 g5 17. Nxd5 Rxf1+ 18. Kxf1 Nxd5 19. exd5 Qxd5 20. Be3 Re8
21. Re1 Re4 22. Bf2 Rxe1+ 23. Bxe1 Ne7 24. Qe2 Kf7 25. Bg3 Qf5+ 26. Kg1 Qb1+
27. Be1 b5 28. h3 Qf5 29. a4 a6 30. Bg3 Ng6 31. axb5 axb5 32. Bd6 Qb1+ 33. Kh2
Qd3 34. Qg4 Qxc3 35. Qf5+ Kg7 36. Be5+ Nxe5 37. Qxe5+ Kg6 38. Qe6+ Kg7 39. Qe7+
Kg6 40. Qe8+ Kg7 41. Qe7+ Kg6 42. Qe6+ 1/2-1/2

[Event "FRA T I 120102011"]
[Site "FRA"]
[Date "2010.11.13"]
[Round "2.5"]
[White "Bonn, Thomas"]
[Black "Bernard, Vincent"]
[Result "1-0"]
[WhiteElo "2253"]
[BlackElo "2197"]
[PlyCount "71"]
[EventDate "2010.10.17"]
[EventType "team-match"]
[EventRounds "9"]
[EventCountry "FRA"]
[Source "FFE"]
[SourceDate "2010.10.29"]
[WhiteTeamCountry "FRA"]
[BlackTeamCountry "FRA"]

1. e4 c5 2. Nc3 Nc6 3. Bb5 Nd4 4. Bc4 g6 5. Nf3 Bg7 6. O-O d6 7. Nxd4 cxd4 8.
Ne2 Qb6 9. d3 Nf6 10. c3 dxc3 11. Nxc3 O-O 12. Bb3 Bd7 13. h3 Bc6 14. Be3 Qa5
15. Qd2 Qd8 16. Bg5 b5 17. Rfe1 a5 18. a3 Rb8 19. Nd5 Bxd5 20. exd5 Re8 21.
Rac1 a4 22. Ba2 Qb6 23. Rc6 Qb7 24. Qb4 Rec8 25. Rec1 Rxc6 26. dxc6 Qc7 27. Be3
h6 28. Rc2 e6 29. Bf4 Bf8 30. Qd2 Kh7 31. Qc3 Be7 32. Be3 Ne8 33. Bd4 d5 34.
Be5 Bd6 35. d4 Kg8 36. Rc1 {suite illisible} 1-0

[Event "FRA T I 120102011"]
[Site "FRA"]
[Date "2010.11.13"]
[Round "2.2"]
[White "Favarel, Julien"]
[Black "Jolly, Jean Francois"]
[Result "0-1"]
[WhiteElo "2299"]
[BlackElo "2374"]
[PlyCount "66"]
[EventDate "2010.10.17"]
[EventType "team-match"]
[EventRounds "9"]
[EventCountry "FRA"]
[Source "FFE"]
[SourceDate "2010.10.29"]
[WhiteTeamCountry "FRA"]
[BlackTeamCountry "FRA"]

1. Nf3 Nf6 2. c4 g6 3. Nc3 Bg7 4. e4 d6 5. d4 O-O 6. Be2 Nbd7 7. O-O e5 8. Re1
c6 9. Bf1 a5 10. dxe5 dxe5 11. Na4 Qe7 12. Qc2 b6 13. Be3 Rb8 14. h3 Ba6 15. b3
Rfc8 16. c5 Bxf1 17. Rxf1 b5 18. Nb2 Bf8 19. Rfc1 Nh5 20. g3 Ng7 21. a3 Ne6 22.
b4 Ra8 23. Rd1 Ra7 24. Bd2 Qf6 25. Qd3 Rca8 26. Rac1 axb4 27. axb4 Ra2 28. Rc2
Nd4 29. Nxd4 exd4 30. Bf4 Bg7 31. h4 Ne5 32. Bxe5 Qxe5 33. Qe2 Rxb2 0-1

[Event "FRA T I 120102011"]
[Site "FRA"]
[Date "2010.11.13"]
[Round "2.4"]
[White "Chomet, Pascal"]
[Black "Grill, Marc"]
[Result "0-1"]
[WhiteElo "2331"]
[BlackElo "2178"]
[PlyCount "60"]
[EventDate "2010.10.17"]
[EventType "team-match"]
[EventRounds "9"]
[EventCountry "FRA"]
[Source "FFE"]
[SourceDate "2010.10.29"]
[WhiteTeamCountry "FRA"]
[BlackTeamCountry "FRA"]

1. g3 d5 2. Bg2 Nf6 3. Nf3 c6 4. O-O Bg4 5. d3 e6 6. Nbd2 Nbd7 7. h3 Bh5 8. Qe1
Be7 9. e4 O-O 10. Nh2 dxe4 11. dxe4 e5 12. Nc4 Re8 13. a4 Qc7 14. Bd2 b5 15.
axb5 cxb5 16. Ne3 Bg6 17. f3 Bc5 18. Rf2 a5 19. Re2 a4 20. Nhf1 Bd4 21. c3 Bb6
22. Kh2 Nc5 23. Nc2 Nd3 24. Rb1 Red8 25. Bg5 Qc4 26. Bxf6 gxf6 27. Nfe3 Qb3 28.
Nd5 Rxd5 29. exd5 Nxb2 30. Qc1 Nc4 {suite illisible} 0-1

[Event "FRA T I 120102011"]
[Site "FRA"]
[Date "2010.11.13"]
[Round "2.1"]
[White "Dieu, Bruno"]
[Black "Kulaots, Kaido"]
[Result "0-1"]
[WhiteElo "2303"]
[BlackElo "2580"]
[PlyCount "46"]
[EventDate "2010.10.17"]
[EventType "team-match"]
[EventRounds "9"]
[EventCountry "FRA"]
[Source "FFE"]
[SourceDate "2010.10.29"]
[WhiteTeam "Tours"]
[BlackTeam "Deauville"]
[WhiteTeamCountry "FRA"]

1. d4 Nf6 2. Nf3 c5 3. e3 g6 4. Bd3 Bg7 5. O-O O-O 6. a3 d6 7. Nbd2 Nc6 8. Qe2
b6 9. h3 Bb7 10. Rd1 Qc7 11. dxc5 dxc5 12. e4 Rfd8 13. Re1 Nh5 14. Qe3 e5 15.
Bf1 Kh8 16. Nc4 h6 17. Nh4 Kh7 18. Qf3 Ne7 19. g4 Nf4 20. Bxf4 exf4 21. Qe2 Re8
22. Rad1 Ng8 23. f3 b5 {suite illisible} 0-1

[Event "FRA T I 120102011"]
[Site "FRA"]
[Date "2010.11.13"]
[Round "2.4"]
[White "Sola, Flavien"]
[Black "Theon, Pierre"]
[Result "0-1"]
[WhiteElo "1939"]
[BlackElo "2098"]
[PlyCount "42"]
[EventDate "2010.10.17"]
[EventType "team-match"]
[EventRounds "9"]
[EventCountry "FRA"]
[Source "FFE"]
[SourceDate "2010.10.29"]
[WhiteTeamCountry "FRA"]

1. e4 c5 2. c4 e6 3. Nc3 Nc6 4. g3 a6 5. f4 Nge7 6. Bg2 Rb8 7. a4 Nb4 8. d3 d5
9. Na2 Nec6 10. Nxb4 Nxb4 11. Ra3 Be7 12. Nh3 dxc4 13. dxc4 Qxd1+ 14. Kxd1 O-O
15. Bd2 Rd8 16. Kc1 b5 17. axb5 axb5 18. Ra7 Bb7 19. cxb5 Nd3+ 20. Kc2 c4 21.
Ba5 Rdc8 {suite illisible} 0-1

[Event "FRA T I 120102011"]
[Site "FRA"]
[Date "2010.10.17"]
[Round "1.8"]
[White "Pasquet, Marion"]
[Black "Nadin, Stephanie"]
[Result "0-1"]
[WhiteElo "1100"]
[BlackElo "1792"]
[PlyCount "38"]
[EventDate "2010.10.17"]
[EventType "team-match"]
[EventRounds "9"]
[EventCountry "FRA"]
[Source "FFE"]
[SourceDate "2010.10.29"]
[WhiteTeamCountry "FRA"]

1. e4 Nf6 2. Nc3 e5 3. Nf3 Nc6 4. Bc4 Nxe4 5. Nxe4 d5 6. b3 dxe4 7. d3 exf3 8.
Qxf3 Qf6 9. Qe4 Bf5 10. Qf3 Bc5 11. O-O O-O 12. Qg3 Qg6 13. Bg5 Rfe8 14. Qh4
Nd4 15. Bd5 c6 16. Bf3 h6 17. Be3 Nxf3+ 18. Kh1 Nxh4 19. Bxc5 Qxg2# 0-1

[Event "FRA T I 120102011"]
[Site "FRA"]
[Date "2010.10.17"]
[Round "1.4"]
[White "Amoyal, Pierre"]
[Black "Demanghon, Jonathan"]
[Result "1/2-1/2"]
[WhiteElo "2170"]
[BlackElo "2181"]
[PlyCount "35"]
[EventDate "2010.10.17"]
[EventType "team-match"]
[EventRounds "9"]
[EventCountry "FRA"]
[Source "FFE"]
[SourceDate "2010.10.29"]
[WhiteTeam "Deauville"]

1. d4 d5 2. c4 c6 3. Nc3 Nf6 4. Nf3 dxc4 5. g3 Bf5 6. Bg2 Nbd7 7. O-O e6 8. Re1
Bb4 9. a3 Be7 10. e4 Bg4 11. h3 Bxf3 12. Qxf3 e5 13. Be3 O-O 14. Rad1 Qc7 15.
Qe2 exd4 16. Bxd4 Ne5 17. Bxe5 Qxe5 18. Qxc4 1/2-1/2

[Event "FRA T I 120102011"]
[Site "FRA"]
[Date "2010.10.17"]
[Round "1.3"]
[White "Marciniak, Alexandre"]
[Black "Macon, Arthur"]
[Result "1/2-1/2"]
[WhiteElo "2174"]
[BlackElo "1977"]
[PlyCount "35"]
[EventDate "2010.10.17"]
[EventType "team-match"]
[EventRounds "9"]
[EventCountry "FRA"]
[Source "FFE"]
[SourceDate "2010.10.29"]

1. e4 e5 2. Nf3 Nc6 3. Bb5 Nf6 4. O-O Nxe4 5. d4 Nd6 6. dxe5 Nxb5 7. a4 Nbd4 8.
Nxd4 Nxd4 9. Qxd4 d5 10. Nc3 c6 11. f4 Bf5 12. Be3 Qd7 13. Rf2 Be7 14. Raf1 b6
15. Qd1 Rd8 16. Ne2 c5 17. c3 Bh4 18. g3 1/2-1/2

[Event "FRA T I 120102011"]
[Site "FRA"]
[Date "2011.02.06"]
[Round "?"]
[White "Carvallo, Henri"]
[Black "Bernard, Vincent"]
[Result "0-1"]
[WhiteElo "2139"]
[BlackElo "2213"]
[PlyCount "68"]
[EventDate "2010.10.17"]
[EventType "team-match"]
[EventRounds "9"]
[EventCountry "FRA"]
[Source "FFE"]
[SourceDate "2010.10.29"]
[WhiteTeam "Tours"]
[BlackTeam "Bois-Colombes"]
[WhiteTeamCountry "FRA"]
[BlackTeamCountry "FRA"]

1. d4 d5 2. Bf4 Nf6 3. e3 c5 4. c3 Qb6 5. Qb3 c4 6. Qc2 Nc6 7. Nd2 e6 8. Be2
Be7 9. h3 O-O 10. Ngf3 Bd7 11. O-O Qd8 12. e4 b5 13. Rfe1 a6 14. Bf1 Bc8 15. e5
Nd7 16. h4 Re8 17. g3 Nf8 18. Bh3 Bd7 19. h5 b4 20. h6 g6 21. Nf1 bxc3 22. bxc3
Qa5 23. N1h2 Reb8 24. Rab1 Rxb1 25. Rxb1 Rb8 26. Rxb8 Nxb8 27. Bg5 Ba3 28. Qd2
Be8 29. Ng4 Nfd7 30. Bf6 Qb6 31. Bg7 Qb2 32. Qg5 Qc1+ 33. Qxc1 Bxc1 34. Kf1 Bb2
0-1

[Event "FRA T I 120102011"]
[Site "FRA"]
[Date "2010.11.13"]
[Round "2.3"]
[White "Giacomini, Hector"]
[Black "Tirard, Hugo"]
[Result "0-1"]
[WhiteElo "2272"]
[BlackElo "2471"]
[PlyCount "86"]
[EventDate "2010.10.17"]
[EventType "team-match"]
[EventRounds "9"]
[EventCountry "FRA"]
[Source "FFE"]
[SourceDate "2010.10.29"]
[WhiteTeamCountry "FRA"]
[BlackTeamCountry "FRA"]

1. d4 Nf6 2. Nf3 g6 3. g3 Bg7 4. Bg2 O-O 5. O-O d6 6. b3 c5 7. c4 Nc6 8. Bb2
cxd4 9. Nxd4 Qb6 10. e3 a5 11. Nc3 Bd7 12. Qd2 Rfc8 13. Rac1 Nb4 14. Rfd1 Rab8
15. h3 Na6 16. e4 Nb4 17. Kh2 Qc5 18. a3 Na6 19. Nd5 Nxd5 20. cxd5 Qb6 21. Bc3
Qa7 22. a4 Rc5 23. Kg1 Rbc8 24. Ne2 Bxc3 25. Nxc3 Qb6 26. Qb2 Qb4 27. Na2 Rxc1
28. Rxc1 Rxc1+ 29. Nxc1 Bxa4 30. Qc2 Bd7 31. Nd3 Qd4 32. h4 h5 33. Kh2 b5 34.
f4 a4 35. bxa4 bxa4 36. e5 Kg7 37. exd6 exd6 38. Nc1 a3 39. Qe2 Nc5 40. Qe7 Qb2
41. Qxd6 Qxc1 42. Qe5+ Kh6 43. Qe7 Qb2 0-1

[Event "FRA T I 120102011"]
[Site "FRA"]
[Date "2010.11.13"]
[Round "2.1"]
[White "Monroy, Charles"]
[Black "Do, Huu Thi"]
[Result "0-1"]
[WhiteElo "2436"]
[BlackElo "2202"]
[PlyCount "84"]
[EventDate "2010.10.17"]
[EventType "team-match"]
[EventRounds "9"]
[EventCountry "FRA"]
[Source "FFE"]
[SourceDate "2010.10.29"]
[WhiteTeamCountry "FRA"]
[BlackTeamCountry "FRA"]

1. Nf3 e6 2. g3 b6 3. c4 c5 4. Bg2 Bb7 5. O-O Be7 6. Nc3 Nf6 7. Re1 O-O 8. e4
Nc6 9. d4 cxd4 10. Nxd4 Nxd4 11. Qxd4 Bc5 12. Qd1 e5 13. Rb1 Rc8 14. b3 Rc6 15.
Qc2 a6 16. a4 Re8 17. Nd5 h6 18. Be3 a5 19. Red1 Rd6 20. Nc3 Rxd1+ 21. Rxd1 Bc6
22. Bd2 Qa8 23. Kh1 Bd4 24. f3 Qd8 25. Qd3 Qe7 26. Nd5 Bxd5 27. exd5 d6 28. Bh3
Bc5 29. Re1 Nh7 30. Bg2 Nf6 31. Bc3 Nd7 32. f4 Bb4 33. Bxb4 axb4 34. Qd2 Nc5
35. fxe5 dxe5 36. Rb1 e4 37. Qxb4 e3 38. a5 bxa5 39. Qxa5 e2 40. Re1 Qe3 41. d6
Nd3 42. Bc6 Qf2 0-1

[Event "FRA T I 120102011"]
[Site "FRA"]
[Date "2010.11.13"]
[Round "2.8"]
[White "Esposito, Marie Christine"]
[Black "Nadin, Stephanie"]
[Result "1-0"]
[WhiteElo "2103"]
[BlackElo "1792"]
[PlyCount "81"]
[EventDate "2010.10.17"]
[EventType "team-match"]
[EventRounds "9"]
[EventCountry "FRA"]
[Source "FFE"]
[SourceDate "2010.10.29"]
[WhiteTeamCountry "FRA"]
[BlackTeamCountry "FRA"]

1. d4 d5 2. Nf3 c6 3. c3 Bg4 4. Ne5 Bh5 5. Bf4 Qb6 6. Qc2 f6 7. Nd3 g5 8. Bg3
Bg7 9. Nc5 Bf7 10. Qf5 e6 11. Qc2 Na6 12. Na4 Qd8 13. e3 b5 14. b4 Ne7 15. Nb2
Nc7 16. a4 Nf5 17. Bxc7 Qxc7 18. axb5 O-O 19. bxc6 Qxc6 20. Ra6 Qe8 21. Bd3 Bg6
22. O-O Qc8 23. Qa4 e5 24. Rxa7 Rxa7 25. Qxa7 Nh4 26. Qc5 Qe6 27. Bxg6 hxg6 28.
c4 Kh7 29. Qxd5 Qg4 30. h3 Qh5 31. dxe5 fxe5 32. Nd2 g4 33. hxg4 Qxg4 34. Qe4
Qh5 35. Nd3 Kh8 36. b5 Rf5 37. Ne1 Qe2 38. Qxh4+ Rh5 39. Qd8+ Kh7 40. Nef3 Kh6
41. Re1 1-0

[Event "FRA T I 120102011"]
[Site "FRA"]
[Date "2010.11.13"]
[Round "2.4"]
[White "Piankov, Evgenij"]
[Black "Delorme, Alban"]
[Result "1-0"]
[WhiteElo "2341"]
[BlackElo "2296"]
[PlyCount "79"]
[EventDate "2010.10.17"]
[EventType "team-match"]
[EventRounds "9"]
[EventCountry "FRA"]
[Source "FFE"]
[SourceDate "2010.10.29"]
[WhiteTeam "Issy-Les-Moulineaux"]
[WhiteTeamCountry "FRA"]
[BlackTeamCountry "FRA"]

1. d4 Nf6 2. Nf3 e6 3. Bf4 d5 4. e3 Be7 5. c4 O-O 6. Nc3 c5 7. Be2 Nc6 8. O-O
dxc4 9. dxc5 Nd5 10. Bd6 Nxc3 11. bxc3 Qa5 12. Nd4 Bxd6 13. cxd6 Rd8 14. Nxc6
bxc6 15. Qd4 e5 16. Qxc4 Rxd6 17. Qb4 Qc7 18. Bf3 Rb8 19. Qa4 Be6 20. Rfd1 Rbd8
21. Rxd6 Rxd6 22. Rb1 g6 23. h3 Rd2 24. a3 Bd5 25. Rd1 Rxd1+ 26. Bxd1 Qb6 27.
c4 Be6 28. Be2 Qb1+ 29. Bf1 Bf5 30. Qb4 Qa1 31. Qb3 Kg7 32. f3 a5 33. Kf2 Qc1
34. Be2 Qd2 35. Qd1 Qc3 36. Qd6 Be6 37. a4 e4 38. Qxc6 exf3 39. Qxf3 Qc2 40.
Qc6 1-0

[Event "FRA T I 120102011"]
[Site "FRA"]
[Date "2010.11.13"]
[Round "2.7"]
[White "Rabhi, Chamss Eddine"]
[Black "Plane, Boris"]
[Result "0-1"]
[WhiteElo "2059"]
[BlackElo "2121"]
[PlyCount "79"]
[EventDate "2010.10.17"]
[EventType "team-match"]
[EventRounds "9"]
[EventCountry "FRA"]
[Source "FFE"]
[SourceDate "2010.10.29"]
[WhiteTeamCountry "FRA"]
[BlackTeamCountry "FRA"]

1. d4 g6 2. c4 Bg7 3. Nc3 a6 4. e4 Nc6 5. Nf3 e5 6. Bg5 f6 7. Be3 d6 8. d5 Nce7
9. Nd2 f5 10. f3 Nf6 11. Be2 c5 12. dxc6 bxc6 13. O-O Be6 14. Qa4 O-O 15. Rad1
Qb8 16. Qa3 Rd8 17. Nb3 Rd7 18. Rd2 c5 19. Rfd1 Nc6 20. Nd5 Nd4 21. Nxd4 exd4
22. Bg5 Bxd5 23. cxd5 fxe4 24. Bxf6 Bxf6 25. fxe4 Bg5 26. Bg4 Re7 27. Re2 Be3+
28. Kh1 Rxe4 29. Be6+ Kh8 30. Qd3 Qb5 31. Qxe4 Qxe2 32. Bg4 Qf2 33. Qe7 Rf8 34.
Be2 Rf7 35. Qd8+ Kg7 36. Bxa6 Qc2 37. Re1 c4 38. Qxd6 Qf2 39. Qe5+ Kh6 40. h4
0-1

[Event "FRA T I 120102011"]
[Site "FRA"]
[Date "2010.11.13"]
[Round "2.3"]
[White "Stephan, Victor"]
[Black "Cotonnec, Melkior"]
[Result "1-0"]
[WhiteElo "2241"]
[BlackElo "2307"]
[PlyCount "75"]
[EventDate "2010.10.17"]
[EventType "team-match"]
[EventRounds "9"]
[EventCountry "FRA"]
[Source "FFE"]
[SourceDate "2010.10.29"]
[WhiteTeamCountry "FRA"]
[BlackTeamCountry "FRA"]

1. Nf3 c5 2. c4 g6 3. g3 Bg7 4. Bg2 Nc6 5. O-O d6 6. Nc3 e5 7. a3 Nge7 8. b4
Be6 9. Ng5 Bxc4 10. d3 Be6 11. Nxe6 fxe6 12. bxc5 dxc5 13. Bg5 Qd7 14. Ne4 b6
15. Nf6+ Bxf6 16. Bxf6 Rf8 17. Bxe5 Nd5 18. Bb2 O-O-O 19. Rc1 Kb8 20. d4 Nxd4
21. Bxd4 cxd4 22. Qxd4 Qe7 23. Rfd1 Qf6 24. e4 Qxd4 25. Rxd4 Nc7 26. Rdc4 Rf7
27. f4 e5 28. Bh3 exf4 29. gxf4 Rd3 30. Kg2 Na6 31. Rc8+ Kb7 32. Be6 Rc7 33.
R8xc7+ Nxc7 34. Bg8 h6 35. Bf7 g5 36. f5 Re3 37. Rc4 Kc8 38. f6 1-0